00507cam a22001695a 450000500170000000800410001701000140005802000260007203500130009803700130011104000080012410000220013224500720015426000420022630000280026850000410029620091109141235.0090114s2009 wau 000 0 eng  aENG-95663 a9788120337732c250.00 aEN-79196 aDBAD/PUB aDPL aBergr, Arthur Asa aThe acadmic writer's toolkitcby Arthur Asa Bergerba user's manual aNew DelhibPHI Learning P.Ltd.c2009. aviii, 166p.c24cm.(Pbk) aIncludes Bibliography ref. and Index